|
|
|
|
| LEADER |
00000nam a2200000 4500 |
| 008 |
211011b2020 a|||| |||| 00| 0 spa d |
| 999 |
|
|
|c 3940
|d 3940
|
| 090 |
|
|
|a 375.001
|b L8647c
|
| 100 |
|
|
|9 4762
|a López Rupérez, Francisco,
|
| 245 |
1 |
3 |
|a El currículo y la educación en el siglo XXI : la preparación del futuro y el enfoque por competencias /
|c Francisco López Rupérez
|
| 260 |
|
|
|a Madrid :
|b Narcea, S. A. de Ediciones,
|c c2020
|
| 300 |
|
|
|a 180 páginas;
|b ilustraciones en blanco y negro
|
| 490 |
|
|
|a ( Colección Educación Hoy Estudios )
|
| 650 |
1 |
4 |
|9 342
|a CURRÍCULO (EDUCACIÓN)
|
| 650 |
1 |
4 |
|9 4190
|a PLAN DE ESTUDIOS
|
| 650 |
1 |
4 |
|9 1
|a EDUCACIÓN
|
| 650 |
1 |
4 |
|9 345
|a COMPETENCIA
|
| 942 |
|
|
|i 769692
|h 375.001 L8647c
|2 z
|c 01
|